|
|
|
|
| LEADER |
00000nab a2200000 a 4500 |
| 001 |
vtls000226886 |
| 003 |
SK-MaSNL |
| 005 |
20260302213009.0 |
| 008 |
111130c1985 xo 0 slo |
| 015 |
|
|
|a SNBRB19rr/mm-uuuuu
|
| 035 |
|
|
|a CL0237000
|
| 040 |
|
|
|a SNKBUCL
|b slo
|c SNKBUCL
|e AACR2
|
| 041 |
0 |
|
|a slo
|
| 044 |
|
|
|a xo
|c SK
|
| 080 |
|
|
|a 797.123.093.1(100)
|2 1981
|
| 245 |
0 |
0 |
|a Štvorka "s" do finále
|b MS vo veslovaní
|
| 650 |
0 |
7 |
|a veslárstvo
|2 snkbucl
|9 3243
|
| 655 |
|
7 |
|a články z novín a časopisov
|2 snkbucl
|9 267496
|
| 773 |
0 |
|
|t Šport
|g Roč. 39, č. 204 (30. 8. 1985), s. 8
|
| 850 |
|
|
|a Slovenská národná knižnica v Martine
|a MTA001
|
| 852 |
|
|
|a SNK
|b KIS3GCP
|
| 958 |
|
|
|a RK
|
| 992 |
|
|
|a RBX
|
| 999 |
|
|
|c 1491621
|d 1493551
|